<?xml version="1.0" encoding="UTF-8"?><marc:collection xmlns:marc="http://www.loc.gov/MARC21/slim">
  <marc:record>
    <marc:leader>03054nam a2200361 c 4500</marc:leader>
    <marc:controlfield tag="001">99377112346506441</marc:controlfield>
    <marc:controlfield tag="003">DE-605</marc:controlfield>
    <marc:controlfield tag="005">20260626105403.0</marc:controlfield>
    <marc:controlfield tag="007">cr#|||||||||||</marc:controlfield>
    <marc:controlfield tag="008">260624s2026    gw j|||fom    000 0 ger c</marc:controlfield>
    <marc:datafield tag="024" ind1="7" ind2=" ">
      <marc:subfield code="2">urn</marc:subfield>
    </marc:datafield>
    <marc:datafield tag="035" ind1=" " ind2=" ">
      <marc:subfield code="a">(DE-605)HT031515846</marc:subfield>
    </marc:datafield>
    <marc:datafield tag="035" ind1=" " ind2=" ">
      <marc:subfield code="a">(DE-599)HBZHT031515846</marc:subfield>
    </marc:datafield>
    <marc:datafield tag="040" ind1=" " ind2=" ">
      <marc:subfield code="a">DE-1116</marc:subfield>
      <marc:subfield code="b">ger</marc:subfield>
      <marc:subfield code="c">DE-1116</marc:subfield>
      <marc:subfield code="d">DE-1116</marc:subfield>
      <marc:subfield code="e">rda</marc:subfield>
    </marc:datafield>
    <marc:datafield tag="100" ind1="1" ind2=" ">
      <marc:subfield code="a">Sand, Zoé</marc:subfield>
      <marc:subfield code="4">aut</marc:subfield>
      <marc:subfield code="e">Verfasser</marc:subfield>
    </marc:datafield>
    <marc:datafield tag="245" ind1="1" ind2="0">
      <marc:subfield code="a">Eventformate als Schlüssel zur Generation Z</marc:subfield>
      <marc:subfield code="b">Wie Weingüter durch Veranstaltungen einen neuen Abnehmerkreis ansprechen können</marc:subfield>
      <marc:subfield code="c">Verfasserin Sand, Zoe. Erstgutachterin Dipl. Ing. Sandra Morsch</marc:subfield>
    </marc:datafield>
    <marc:datafield tag="264" ind1=" " ind2="1">
      <marc:subfield code="a">Ludwigshafen</marc:subfield>
      <marc:subfield code="b">Hochschule für Wirtschaft und Gesellschaft Ludwigshafen</marc:subfield>
      <marc:subfield code="c">2026</marc:subfield>
    </marc:datafield>
    <marc:datafield tag="300" ind1=" " ind2=" ">
      <marc:subfield code="a">1 Online-Ressource (IV, 66 Seiten)</marc:subfield>
      <marc:subfield code="b">Diagramme</marc:subfield>
    </marc:datafield>
    <marc:datafield tag="336" ind1=" " ind2=" ">
      <marc:subfield code="a">Text</marc:subfield>
      <marc:subfield code="b">txt</marc:subfield>
      <marc:subfield code="2">rdacontent</marc:subfield>
    </marc:datafield>
    <marc:datafield tag="337" ind1=" " ind2=" ">
      <marc:subfield code="a">Computer</marc:subfield>
      <marc:subfield code="b">c</marc:subfield>
      <marc:subfield code="2">rdamedia</marc:subfield>
    </marc:datafield>
    <marc:datafield tag="338" ind1=" " ind2=" ">
      <marc:subfield code="a">Online-Ressource</marc:subfield>
      <marc:subfield code="b">cr</marc:subfield>
      <marc:subfield code="2">rdacarrier</marc:subfield>
    </marc:datafield>
    <marc:datafield tag="502" ind1=" " ind2=" ">
      <marc:subfield code="b">Bachelorarbeit</marc:subfield>
      <marc:subfield code="c">Hochschule für Wirtschaft und Gesellschaft Ludwigshafen</marc:subfield>
      <marc:subfield code="d">2026</marc:subfield>
      <marc:subfield code="g">Dualer Studiengang B.Sc. Weinbau und Oenologie Rheinland-Pfalz, Weincampus Neustadt</marc:subfield>
    </marc:datafield>
    <marc:datafield tag="520" ind1=" " ind2=" ">
      <marc:subfield code="a">Der Weinkonsum befindet sich seit geraumer Zeit im Wandel und ist insbesondere bei jüngeren Generationen rückläufig. Gleichzeitig gewinnen Erlebnisorientierung, Lifestyle und soziale Aspekte im Konsumverhalten zunehmend an Bedeutung. Vor diesem Hintergrund untersucht die vorliegende Bachelorarbeit, inwiefern Eventformate in Weingütern dazu beitragen können, die Generation Z als neuen Abnehmerkreis zu erschließen. Der Fokus liegt dabei auf der Attraktivität unterschiedlicher Veranstaltungsformate und auf der Rolle der Preisgestaltung. Zur Beantwortung der Forschungsfragen wurde eine quantitative Online-Befragung durchgeführt, an der insgesamt 227 Personen teilnahmen. Die erhobenen Daten wurden hinsichtlich Weinkonsum, Eventinteresse und Zahlungsbereitschaft ausgewertet und die Ergebnisse der Generation Z mit einer Vergleichsgruppe kontrastiert. Diese zeigen, dass die Zielgruppe kein grundsätzliches Desinteresse am Thema Wein hat, jedoch mit hohen Einstiegshürden und einer als komplex wahrgenommenen Weinwelt konfrontiert ist. Besonders erlebnisorientierte Veranstaltungen stoßen hierbei auf ein hohes Interesse, während Online-Formate als nicht attraktiv bewertet werden. Die Zahlungsbereitschaft ist ebenfalls hoch, sofern ein qualitativer Mehrwert erkennbar ist. Insgesamt verdeutlichen die Ergebnisse, dass Eventformate ein geeignetes Instrument darstellen, um die Generation Z niedrigschwellig anzusprechen und langfristig für Wein zu gewinnen.</marc:subfield>
    </marc:datafield>
    <marc:datafield tag="650" ind1=" " ind2="7">
      <marc:subfield code="a">Weinhandel</marc:subfield>
      <marc:subfield code="0">(DE-588)4296590-1</marc:subfield>
      <marc:subfield code="2">gnd</marc:subfield>
    </marc:datafield>
    <marc:datafield tag="650" ind1="0" ind2="7">
      <marc:subfield code="a">Verbraucherverhalten</marc:subfield>
      <marc:subfield code="0">(DE-588)4062644-1</marc:subfield>
      <marc:subfield code="2">gnd</marc:subfield>
    </marc:datafield>
    <marc:datafield tag="650" ind1=" " ind2="7">
      <marc:subfield code="a">Generation Z</marc:subfield>
      <marc:subfield code="0">(DE-588)1398069698</marc:subfield>
      <marc:subfield code="2">gnd</marc:subfield>
    </marc:datafield>
    <marc:datafield tag="650" ind1=" " ind2="7">
      <marc:subfield code="a">Event-Marketing</marc:subfield>
      <marc:subfield code="0">(DE-588)4335461-0</marc:subfield>
      <marc:subfield code="2">gnd</marc:subfield>
    </marc:datafield>
    <marc:datafield tag="650" ind1=" " ind2="7">
      <marc:subfield code="a">Weingut</marc:subfield>
      <marc:subfield code="0">(DE-588)4207291-8</marc:subfield>
      <marc:subfield code="2">gnd</marc:subfield>
    </marc:datafield>
    <marc:datafield tag="655" ind1=" " ind2="7">
      <marc:subfield code="a">Hochschulschrift</marc:subfield>
      <marc:subfield code="0">(DE-588)4113937-9</marc:subfield>
      <marc:subfield code="2">gnd-content</marc:subfield>
    </marc:datafield>
    <marc:datafield tag="700" ind1="1" ind2=" ">
      <marc:subfield code="a">Morsch, Sandra</marc:subfield>
      <marc:subfield code="4">dgs</marc:subfield>
      <marc:subfield code="e">Akademischer Betreuer</marc:subfield>
    </marc:datafield>
    <marc:datafield tag="751" ind1=" " ind2=" ">
      <marc:subfield code="a">Ludwigshafen am Rhein</marc:subfield>
      <marc:subfield code="0">(DE-588)4036472-0</marc:subfield>
      <marc:subfield code="2">gnd</marc:subfield>
      <marc:subfield code="4">uvp</marc:subfield>
      <marc:subfield code="e">Hochschulort</marc:subfield>
    </marc:datafield>
    <marc:datafield tag="960" ind1="1" ind2=" ">
      <marc:subfield code="d">lzDiss</marc:subfield>
    </marc:datafield>
    <marc:datafield tag="960" ind1="1" ind2=" ">
      <marc:subfield code="i">iall</marc:subfield>
    </marc:datafield>
  </marc:record>
</marc:collection>
